| 000 | 00000nam 2200000za 4500 |
| 001 | 9.686401 |
| 003 | CaOODSP |
| 005 | 20210624230524 |
| 007 | cr ||||||||||| |
| 008 | 150407s2001 abc|||||o f|0| 0 eng d |
| 040 | |aCaOODSP|beng |
| 043 | |an-cn--- |
| 086 | 1 |aR63-260/2001E-IN |
| 110 | 2 |aParks Canada. |
| 245 | 10|aBackcountry visitors' guide: Banff National Park |h[electronic resource]. |
| 260 | |aBanff - Alberta : |bParks Canada, |c2001. |
| 300 | |a4 p. : |bfig., illus., map. |
| 775 | 08|tGuide du visiteur de l'arrière-pays - Parc national de Banff |w(CaOODSP)9.630872 |
| 776 | 0#|tBackcountry visitors' guide: Banff National Park |w(CaOODSP)9.648071 |
| 794 | |tBackcountry visitors' guide - Banff National Park of Canada |w(CaOODSP)9.689206 |
| 856 | 40|ahttp://publications.gc.ca|qPDF|s364 KB|uhttps://publications.gc.ca/collections/Collection/R63-260-2001E.pdf |